Macristocracia : (Record no. 7793)
[ view plain ]
| 000 -LEADER | |
|---|---|
| campo de control de longitud fija | 03159cam a2200277 i 4500 |
| 001 - NÚMERO DE CONTROL | |
| campo de control | 126494 |
| 005 - FECHA Y HORA DE LA ÚLTIMA TRANSACCIÓN | |
| campo de control | 20230404125936.0 |
| 008 - DATOS DE LONGITUD FIJA--INFORMACIÓN GENERAL | |
| campo de control de longitud fija | 170831s2017 ag 000 0 spa d |
| 020 ## - NÚMERO INTERNACIONAL ESTÁNDAR DEL LIBRO | |
| Número Internacional Estándar del Libro | 9789504957089 |
| 041 ## - CÓDIGO DE IDIOMA | |
| Código de lengua del texto/banda sonora o título independiente | spa |
| 050 14 - SIGNATURA TOPOGRÁFICA DE LA BIBLIOTECA DEL CONGRESO | |
| Número de clasificación | 101 F 2849.3 |
| Número de ítem | C567m 2017 |
| 082 00 - NÚMERO DE LA CLASIFICACIÓN DECIMAL DEWEY | |
| Número de clasificación | 320.982 |
| 100 1# - ENTRADA PRINCIPAL--NOMBRE DE PERSONA | |
| Nombre de persona | Cibeira, Fernando, |
| Fechas asociadas al nombre | 1965- |
| 245 10 - MENCIÓN DEL TÍTULO | |
| Título | Macristocracia : |
| Resto del título | la historia de las familias que gobiernan la Argentina / |
| Mención de responsabilidad, etc. | Fernando Cibeira, colaboró en la investigación periodística Matías Ferrari |
| 260 ## - PUBLICACIÓN, DISTRIBUCIÓN, ETC. | |
| Lugar de publicación, distribución, etc. | Buenos Aires : |
| Nombre del editor, distribuidor, etc. | Editorial Planeta, |
| Fecha de publicación, distribución, etc. | 2017 |
| 300 ## - DESCRIPCIÓN FÍSICA | |
| Extensión | 459 p. ; |
| Dimensiones | 23 cm |
| 490 0# - MENCIÓN DE SERIE | |
| Mención de serie | Espejo de la Argentina |
| 520 ## - RESUMEN, ETC. | |
| Sumario, etc. | En su carrera para llegar al gobierno, el macrismo se presentó como una fuerza nueva ante los partidos tradicionales que dominaron por décadas el escenario político, una fuerza que venía a poner la gestión por encima de las ideologías. Cambiemos promueve el “emprendedurismo” y el mérito como forma de progresar en la sociedad, el esfuerzo individual ante todo. En la exhaustiva investigación de Fernando Cibeira queda en evidencia que las vidas de los principales representantes de Cambiemos no son un ejemplo de mérito personal sino que, en su gran mayoría, se trata de beneficiarios de fortunas heredadas, empezando por el propio Presidente. Esa posición privilegiada les permitió formarse en colegios y universidades privadas de élite y perfeccionarse en los más selectos centros de estudio, educación que les proporcionó una forma de pensar acerca del rol del Estado, del funcionamiento de la economía, de la utilidad de los distintos estamentos sociales, de los alineamientos en las relaciones internacionales, de la protección de los derechos de los trabajadores, aunque aseguren no tener ideología. Macristocracia repasa la historia de las familias que componen el macrismo entre las que, lejos de la novedad o pretendida bocanada de aire fresco, es posible ver linajes beneficiarios de las campañas contras los indios como los Braun, los Bullrich y los Luro; funcionarios y adherentes de gobiernos dictatoriales y conservadores como los Pinedo, los Rodríguez Larreta y los Massot; participantes del neoliberalismo que recortó conquistas sociales en los años noventa, como los Frigerio y los Triaca; o los amigos de colegio del Presidente, repentinos coroneles de la jerarquía del poder. Este libro cuenta el pasado "clásico" de estos dirigentes "modernos" que han decidido subirse al escenario de la función pública. Los miembros de estas familias forman parte de un linaje que siempre ha estado cerca de las decisiones importantes de la Argentina, aunque seguramente no tan cerca como en la actualidad. Si la pregunta del libro es quién manda en la Argentina, Cibeira responde en detalle no sólo quién manda sino también por qué. |
| 600 10 - PUNTO DE ACCESO ADICIONAL DE MATERIA--NOMBRE DE PERSONA | |
| Nombre de persona | Macri, Mauricio, |
| Fechas asociadas al nombre | 1959- |
| Subdivisión general | Friends and associates |
| 650 #0 - PUNTO DE ACCESO ADICIONAL DE MATERIA--TÉRMINO DE MATERIA | |
| Término de materia o nombre geográfico como elemento de entrada | Upper class families |
| Subdivisión geográfica | Argentina |
| Subdivisión general | Political activity |
| -- | History |
| Subdivisión cronológica | 20th century. |
| 651 #0 - PUNTO DE ACCESO ADICIONAL DE MATERIA--NOMBRE GEOGRÁFICO | |
| Nombre geográfico | Argentina |
| Subdivisión general | Politics and government |
| Subdivisión cronológica | 1955- |
| 651 #4 - PUNTO DE ACCESO ADICIONAL DE MATERIA--NOMBRE GEOGRÁFICO | |
| Nombre geográfico | Argentina |
| Subdivisión general | Politica y gobierno |
| Subdivisión cronológica | 1955- |
| 700 1# - ENTRADA AGREGADA--NOMBRE PERSONAL | |
| Nombre de persona | Ferrari, Matías, |
| Término indicativo de función/relación | col. |
| 942 ## - ELEMENTOS DE ENTRADA SECUNDARIOS (KOHA) | |
| Fuente del sistema de clasificación o colocación | Clasificación de Library of Congress |
| Tipo de ítem Koha | |
| 946 ## - PROCESAMIENTO DE INFORMACIÓN LOCAL (OCLC) | |
| a | dpf |
| Estatus retirado | Estado de pérdida | Fuente del sistema de clasificación o colocación | Estado de daño | No para préstamo | Colección | Biblioteca de origen | Biblioteca actual | Ubicación en estantería | Fecha de adquisición | Serial enumeration / chronology | Total checkouts | Signatura topográfica completa | Código de barras | Visto por última vez | Copia número | Precio de reemplazo | Tipo de ítem Koha |
|---|---|---|---|---|---|---|---|---|---|---|---|---|---|---|---|---|---|
| Clasificación de Library of Congress | Recursos Regionales | Biblioteca Juan Bosch | Biblioteca Juan Bosch | Recursos Regionales (2do. Piso) | 04/04/2023 | 1 | 101 F 2849.3 C567m 2017 | 00000119508 | 23/10/2018 | 1 | 23/10/2018 |
